| 000 | 00663nam a2200181 4500 | ||
|---|---|---|---|
| 008 | 171121b xxu||||| |||| 00| 0 eng d | ||
| 020 | _a0135179882 | ||
| 082 |
_21996 _aDC 658.4063 _bH26 |
||
| 100 |
_923591 _aHarvey, Donald F., author. |
||
| 245 |
_aAn experiential approach to organization development / _cDon Harvey, Donald R. Brown. |
||
| 250 | _aFifth edition | ||
| 260 |
_aUpper Saddle River, N.J. : _bPrentice Hall, _c©1996. |
||
| 300 |
_axxi, 468 pages : _billustrations ; _c28 cm. |
||
| 500 | _aIncludes bibliographical references and index. | ||
| 650 | 0 |
_923592 _aOrganizational change |
|
| 700 |
_923593 _aBrown, Donald R.author. |
||
| 942 |
_2ddc _cDC |
||
| 999 |
_c7811 _d7811 |
||